TV Shows 1-4/A-Z Quiz Stats

Quiz Updated Feb 12, 2014

Challenge
Share
Tweet
Score 0/30 Timer 07:00
2 Plays Today
% Correct
Ugly Betty
92.9%
Scrubs
91.1%
Zorro
90.8%
24
88%
Xena: Warrior Princess
82.9%
Prison Break
82.4%
Home Improvement
82.3%
Jeopardy!
82.1%
Modern Family
78.5%
3rd Rock from the Sun
75.6%
Knight Rider
73.9%
Three's Company
71.4%
Animaniacs
69.2%
LOST
65.3%
Nurse Jackie
64.6%
% Correct
CHiPs
62.8%
Veronica Mars
60.9%
Entourage
60.4%
Doctor Who
58.8%
Burn Notice
55%
Quantum Leap
53.8%
Gossip Girl
53.3%
1 vs. 100
50.2%
Rescue Me
48.8%
Once Upon a Time
46.5%
Fringe
44.5%
WKRP in Cincinnati
39.9%
In Living Color
33.9%
Yes, Dear
32.2%
48 HRS
7.3%

You're not logged in!

Compare scores with friends on all Sporcle quizzes.
Sign Up with Email
OR
Log In

You Might Also Like...

Show Comments

Extras

Top Quizzes Today


Score Distribution

Your Account Isn't Verified!

In order to create a playlist on Sporcle, you need to verify the email address you used during registration. Go to your Sporcle Settings to finish the process.